[Event "Sarkany-Aranytiz IM"]
[Site "Budapest"]
[Date "2013.08.23"]
[Round "7"]
[White "To, Nhat Minh"]
[Black "Balint, Vilmos"]
[Result "1-0"]
[WhiteElo "2296"]
[BlackElo "2216"]
[PlyCount "95"]
[EventDate "2013.08.17"]
[EventType "tourn"]
[EventRounds "9"]
[EventCountry "HUN"]
[EventCategory "1"]

1. e4 e5 2. Nf3 Nc6 3. d4 exd4 4. Nxd4 Nf6 5. Nxc6 bxc6 6. e5 Nd5 7. c4 Nb6 8.
Bd3 Qh4 9. O-O Ba6 10. Nd2 O-O-O 11. Nf3 Qh5 12. Ng5 Qxd1 13. Rxd1 Bc5 14. Nxf7
Bxf2+ 15. Kh1 Bxc4 16. Bxc4 Nxc4 17. b3 Nb6 18. Ba3 Rhe8 19. Rd3 Re6 20. Nxd8
Kxd8 21. Rf1 Rxe5 22. Rf3 Bc5 23. Bxc5 Rxc5 24. Rf8+ Ke7 25. R8f7+ Ke6 26. Rxg7
h5 27. h4 Re5 28. Rg6+ Ke7 29. Kh2 Nd5 30. Rg7+ Ke6 31. Rg6+ Ke7 32. Rg5 Ke6
33. Rf8 Nf6 34. Rxe5+ Kxe5 35. Rc8 d5 36. Kg1 d4 37. Rxc7 d3 38. Kf2 Kd4 39.
Rxc6 Ne4+ 40. Ke1 Ke3 41. Re6 a5 42. Rxe4+ Kxe4 43. Kd2 Kd4 44. a3 Ke4 45. b4
a4 46. b5 Kd5 47. Kxd3 Kc5 48. g4 1-0

[Event "Sarkany-Aranytiz IM"]
[Site "Budapest"]
[Date "2013.08.23"]
[Round "7"]
[White "Lyell, Mark"]
[Black "Gal, Tamas"]
[Result "1-0"]
[WhiteElo "2219"]
[BlackElo "2240"]
[PlyCount "57"]
[EventDate "2013.08.17"]
[EventType "tourn"]
[EventRounds "9"]
[EventCountry "HUN"]
[EventCategory "1"]

1. e4 c6 2. d4 d5 3. exd5 cxd5 4. c4 Nf6 5. Nc3 Nc6 6. Bg5 e6 7. Nf3 Be7 8. c5
O-O 9. Bb5 Bd7 10. O-O Ne4 11. Nxe4 dxe4 12. Bxc6 Bxc6 13. Bxe7 Qxe7 14. Ne5
Bd5 15. Rc1 Rfd8 16. Qe2 Bxa2 17. Qxe4 Bd5 18. Qe3 b6 19. b4 bxc5 20. dxc5 Qb7
21. Qc3 Rab8 22. Rfd1 f6 23. c6 Qc7 24. Nd7 Rb5 25. Rd4 Rc8 26. Rg4 Kh8 27.
Nxf6 Rb6 28. Nd7 e5 29. Nxb6 1-0

[Event "Sarkany-Aranytiz IM"]
[Site "Budapest"]
[Date "2013.08.23"]
[Round "7"]
[White "Brustkern, Juergen"]
[Black "Grigoryan, Meri"]
[Result "1-0"]
[WhiteElo "2227"]
[BlackElo "2052"]
[PlyCount "63"]
[EventDate "2013.08.17"]
[EventType "tourn"]
[EventRounds "9"]
[EventCountry "HUN"]
[EventCategory "1"]

1. e4 d5 2. exd5 Nf6 3. d4 Nxd5 4. c4 Nb6 5. c5 Nd5 6. Nc3 g6 7. Bc4 Nxc3 8.
Qb3 e6 9. bxc3 Bg7 10. Nf3 O-O 11. Bg5 Qe8 12. O-O Nc6 13. Qb2 Na5 14. Bd3 f6
15. Bf4 e5 16. Rfe1 Qd8 17. Bg3 Bg4 18. Qb4 Bxf3 19. gxf3 b6 20. Be4 Rb8 21.
Rad1 Qe8 22. f4 Kh8 23. Bg2 Nc6 24. Qb5 Na5 25. c6 Qf7 26. dxe5 fxe5 27. Rd7
Qxa2 28. Rxg7 Kxg7 29. Qxe5+ Kh6 30. Bh4 Rf5 31. Bg5+ Rxg5 32. fxg5+ 1-0

[Event "Sarkany-Aranytiz IM"]
[Site "Budapest"]
[Date "2013.08.23"]
[Round "7"]
[White "Ianov, Viktor"]
[Black "Orso, Miklos"]
[Result "1/2-1/2"]
[WhiteElo "2314"]
[BlackElo "2327"]
[PlyCount "25"]
[EventDate "2013.08.17"]
[EventType "tourn"]
[EventRounds "9"]
[EventCountry "HUN"]
[EventCategory "1"]

1. d4 Nf6 2. c4 e6 3. Nf3 b6 4. g3 Bb7 5. Bg2 Be7 6. O-O O-O 7. Re1 d5 8. cxd5
exd5 9. Nc3 Re8 10. Bf4 Nh5 11. Bd2 Nf6 12. Bf4 Nh5 13. Bd2 1/2-1/2

[Event "Sarkany-Aranytiz IM"]
[Site "Budapest"]
[Date "2013.08.24"]
[Round "8"]
[White "Koczo, Kristof"]
[Black "Orso, Miklos"]
[Result "1/2-1/2"]
[WhiteElo "2282"]
[BlackElo "2327"]
[PlyCount "57"]
[EventDate "2013.08.17"]
[EventType "tourn"]
[EventRounds "9"]
[EventCountry "HUN"]
[EventCategory "1"]

1. d4 Nf6 2. c4 g6 3. Nc3 Bg7 4. e4 d6 5. h3 O-O 6. Bg5 c5 7. d5 b5 8. cxb5 a6
9. a4 Qa5 10. Bd2 axb5 11. Bxb5 Ba6 12. Ra3 Nbd7 13. Nf3 Bxb5 14. Nxb5 Qb6 15.
Qc2 Qb7 16. O-O Nb6 17. b3 Rfc8 18. Nc3 Qd7 19. Ra2 Rab8 20. Rb1 Na8 21. Nb5
Rb7 22. Bc3 Bh6 {=} 23. Nd2 Nc7 24. Nxc7 Bxd2 25. Bxd2 Qxc7 26. Bc3 Qd7 27. Ba1
Rb4 28. Bc3 Rb7 29. Ba1 1/2-1/2

[Event "Sarkany-Aranytiz IM"]
[Site "Budapest"]
[Date "2013.08.24"]
[Round "8"]
[White "Grigoryan, Meri"]
[Black "Ianov, Viktor"]
[Result "1-0"]
[WhiteElo "2052"]
[BlackElo "2314"]
[PlyCount "113"]
[EventDate "2013.08.17"]
[EventType "tourn"]
[EventRounds "9"]
[EventCountry "HUN"]
[EventCategory "1"]

1. d4 Nf6 2. Nf3 g6 3. c4 Bg7 4. Nc3 O-O 5. e4 d6 6. h3 c5 7. d5 a6 8. Bd3 b5
9. a4 Qa5 10. O-O Nbd7 11. cxb5 axb5 12. Bxb5 Ba6 13. Bd2 Rfb8 14. Re1 Bxb5 15.
Nxb5 Qb6 16. Bc3 Qb7 17. Nd2 Nb6 18. b3 Nfd7 19. Bxg7 Kxg7 20. Qc2 f6 21. Re3
Nc8 22. Nc4 Ra6 23. Rd1 Na7 24. Nxa7 Rxa7 25. f4 Nb6 26. Na3 Qa8 27. Nb5 Rd7
28. Rg3 Rg8 29. Qe2 c4 30. Nd4 cxb3 31. Rxb3 Nxa4 32. Ra3 Rb7 33. Qg4 h5 34.
Qe6 Qa7 35. Kh2 h4 36. Nc6 Qf2 37. Rxa4 Qxf4+ 38. Kh1 Re8 39. Raa1 Qg5 40. Qg4
Qxg4 41. hxg4 Kh6 42. Rdb1 Rxb1+ 43. Rxb1 e6 44. Rb8 Rxb8 45. Nxb8 exd5 46.
exd5 Kg5 47. Nd7 Kxg4 48. Nxf6+ Kf5 49. Ne8 Ke5 50. Kh2 Kxd5 51. Kh3 Ke5 52.
Kxh4 d5 53. Kg4 d4 54. Kf3 g5 55. Ng7 g4+ 56. Kxg4 Ke4 57. Ne6 1-0

[Event "Sarkany-Aranytiz IM"]
[Site "Budapest"]
[Date "2013.08.24"]
[Round "8"]
[White "Balint, Vilmos"]
[Black "Lyell, Mark"]
[Result "1-0"]
[WhiteElo "2216"]
[BlackElo "2219"]
[PlyCount "71"]
[EventDate "2013.08.17"]
[EventType "tourn"]
[EventRounds "9"]
[EventCountry "HUN"]
[EventCategory "1"]

1. e4 e5 2. f4 d5 3. exd5 exf4 4. Nf3 Nf6 5. Bc4 Nxd5 6. O-O Be6 7. Qe2 Be7 8.
Nc3 Nc6 9. d4 Nxc3 10. bxc3 Bxc4 11. Qxc4 Qd6 12. Rb1 O-O 13. d5 Qc5+ 14. Qxc5
Bxc5+ 15. Kh1 Ne7 16. c4 Bd6 17. Rxb7 Rfb8 18. Rb3 Re8 19. Nd4 Ng6 20. Ba3 Bxa3
21. Rxa3 Re4 22. c3 Ne5 23. c5 g6 24. Nb5 c6 25. Nc7 Rb8 26. Rb3 Rd8 27. d6 Nd3
28. Na6 Kg7 29. Rb8 Rd7 30. Rc8 Ne5 31. Nb8 Rb7 32. Nxc6 Nd7 33. Nd4 Rb2 34. c6
Ne5 35. d7 f3 36. Nxf3 1-0

[Event "Sarkany-Aranytiz IM"]
[Site "Budapest"]
[Date "2013.08.25"]
[Round "9"]
[White "To, Nhat Minh"]
[Black "Koczo, Kristof"]
[Result "1-0"]
[WhiteElo "2296"]
[BlackElo "2282"]
[PlyCount "175"]
[EventDate "2013.08.17"]
[EventType "tourn"]
[EventRounds "9"]
[EventCountry "HUN"]
[EventCategory "1"]

1. g3 d5 2. Bg2 g6 3. Nf3 Bg7 4. d4 Nf6 5. O-O O-O 6. Nbd2 Nbd7 7. c4 c5 8.
cxd5 cxd4 9. Nxd4 Nxd5 10. N2b3 N7b6 11. a4 e5 12. Nc2 a5 13. Qd2 Ne7 14. Nxa5
Qc7 15. Ne3 Rd8 16. Qe1 Rd4 17. b3 Nxa4 18. Nac4 Nb6 19. Bb2 Rd8 20. Nxb6 Rxa1
21. Qxa1 Qxb6 22. Bxe5 Bxe5 23. Qxe5 Nc6 24. Bxc6 bxc6 25. Qf6 Be6 26. Rc1 Rd2
27. Ra1 Qb8 28. h4 h5 29. Qc3 Rd6 30. b4 Kh7 31. Rd1 Rxd1+ 32. Nxd1 Qd6 33. Ne3
Qd7 34. f3 Qa7 35. Kf2 Qd7 36. Nc2 Qa7+ 37. Qc5 Qa4 38. Nd4 Qd1 39. Nxe6 fxe6
40. Qxc6 Qd4+ 41. Kg2 Qxb4 42. Qxe6 Qe1 43. Qe7+ Kg8 44. Qe8+ Kg7 45. Qd7+ Kg8
46. Qd8+ Kg7 47. Qc7+ Kg8 48. Qc8+ Kg7 49. Qb7+ Kh6 50. Qe4 Kg7 51. Qe3 Qd1 52.
Qe5+ Kg8 53. Qe6+ Kg7 54. f4 Qe1 55. Qe5+ Kg8 56. f5 gxf5 57. Qe8+ Kg7 58. Qe7+
Kg8 59. Qg5+ Kh8 60. Qxh5+ Kg7 61. Qg5+ Kh8 62. Qf6+ Kg8 63. Qe6+ Kg7 64. h5
Qb1 65. Qe3 Kh7 66. Qd3 Qb7+ 67. Kh2 Qf7 68. g4 Qc7+ 69. Kh3 Qc1 70. Qxf5+ Kh8
71. Kg2 Qe1 72. Qf8+ Kh7 73. Qf2 Qd1 74. Qf7+ Kh8 75. Qe8+ Kg7 76. Qe5+ Kh6 77.
Qf4+ Kg7 78. Qf3 Kh6 79. Qe3+ Kg7 80. g5 Qd7 81. Qc3+ Kg8 82. Qc4+ Kh8 83. Qc3+
Kg8 84. Qf3 Qd8 85. h6 Qe7 86. Qd5+ Kh8 87. Qd4+ Kh7 88. Qg7+ 1-0

[Event "Sarkany-Aranytiz IM"]
[Site "Budapest"]
[Date "2013.08.25"]
[Round "9"]
[White "Lyell, Mark"]
[Black "Torma, Robert"]
[Result "1/2-1/2"]
[WhiteElo "2219"]
[BlackElo "2385"]
[PlyCount "38"]
[EventDate "2013.08.17"]
[EventType "tourn"]
[EventRounds "9"]
[EventCountry "HUN"]
[EventCategory "1"]

1. Nf3 f5 2. d4 Nf6 3. h3 d6 4. g4 c6 5. Qd3 g6 6. Nc3 Qa5 7. Bd2 Qa6 8. Qe3 b5
9. g5 Nh5 10. d5 c5 11. Nh4 b4 12. Nd1 Qc4 13. f4 Qxc2 14. Bg2 Bg7 15. Bxb4 Bd4
16. Qd2 Qxd2+ 17. Bxd2 Ng3 18. e3 Bg7 19. Rh2 Na6 1/2-1/2

[Event "Sarkany-Aranytiz IM"]
[Site "Budapest"]
[Date "2013.08.25"]
[Round "9"]
[White "Brustkern, Juergen"]
[Black "Balint, Vilmos"]
[Result "1/2-1/2"]
[WhiteElo "2227"]
[BlackElo "2216"]
[PlyCount "89"]
[EventDate "2013.08.17"]
[EventType "tourn"]
[EventRounds "9"]
[EventCountry "HUN"]
[EventCategory "1"]

1. e4 e5 2. Nf3 Nc6 3. d4 exd4 4. Nxd4 Nf6 5. Nxc6 bxc6 6. e5 Qe7 7. Qe2 Nd5 8.
c4 Qb4+ 9. Nd2 Nf4 10. Qe4 Ne6 11. Be2 Bb7 12. O-O d5 13. exd6 Bxd6 14. a3 Qb6
15. Bf3 O-O 16. b4 Ng5 17. Qg4 Nxf3+ 18. Nxf3 c5 19. Bb2 f6 20. b5 Rae8 21.
Rfe1 Bc8 22. Qh5 Be6 23. Bc3 Qb8 24. Nd2 Bf7 25. Qg4 h5 26. Qf3 Qc8 27. a4 Re6
28. Rxe6 Qxe6 29. Qb7 Rd8 30. Qxa7 Be5 31. Re1 Bxh2+ 32. Kxh2 Qxe1 33. Qxc7 Re8
34. Qxc5 Qd1 35. b6 Qxa4 36. Qc7 Qa8 37. b7 Qa7 38. c5 Bd5 39. Qd7 Qb8+ 40. g3
Rd8 41. Qe7 Bxb7 42. c6 Re8 43. Qxb7 Qxb7 44. cxb7 Rb8 45. Bd4 1/2-1/2

[Event "Sarkany-Aranytiz IM"]
[Site "Budapest"]
[Date "2013.08.25"]
[Round "9"]
[White "Orso, Miklos"]
[Black "Grigoryan, Meri"]
[Result "1-0"]
[WhiteElo "2327"]
[BlackElo "2052"]
[PlyCount "69"]
[EventDate "2013.08.17"]
[EventType "tourn"]
[EventRounds "9"]
[EventCountry "HUN"]
[EventCategory "1"]

1. d4 d5 2. Nf3 Nc6 3. g3 Nf6 4. Bg2 Bf5 5. O-O e6 6. c4 Nb4 7. Na3 dxc4 8. Ne5
c6 9. Naxc4 Bc2 10. Qd2 Ne4 11. Bxe4 Bxe4 12. f3 Bg6 13. e4 b5 14. Ne3 Qb6 15.
a3 Na6 16. b4 f6 17. Nxg6 hxg6 18. Bb2 Rd8 19. Qc3 Be7 20. Rac1 Nb8 21. Kg2 Qb7
22. Ng4 Rh5 23. Nf2 Kf7 24. Nd3 e5 25. dxe5 Rdh8 26. Qb3+ Ke8 27. Rh1 Qc8 28.
g4 Rh4 29. h3 f5 30. exf5 gxf5 31. Nf2 fxg4 32. hxg4 Bg5 33. Rxh4 Rxh4 34. Qg8+
Kd7 35. Rd1+ 1-0